000 00780nam a2200253Ia 4500
003 OSt
005 20220928113607.0
006 a|||||r|||| 00| 0
007 ta
008 220927b |||||||| |||| 00| 0 eng d
020 _cUSD 45.00
024 _a135144
037 _b16, 21/02/2017, Better Book Service
_cTextual
040 _aSDCL
_cSDCL
_beng
041 _2eng
_aeng
082 _aW:511.5'P, Q5
100 _aGatti Hilary
_9433975
245 0 _aIdeas of liberty in early modern Europe
_b From Machiavelli to Milton
260 _aPrinceton
_bPrinceton University Press
_c2015
300 _avii,215p.
_ccm.
650 _aHistory
942 _hW:511.5'P, Q5
_cTEXL
_2CC
999 _c750376
_d750376